000 00678nam a22002297a 4500
003 UA-OsUOA
001 122275
007 ta
008 20170424b un ||||| |||| 00| 0 ukr d
100 _aБогданець-Білоскаленко Н.
700 _aКачак Т.
090 _a82
_bБ73
942 _cSA
040 _aUA-OsUOA
_bukr
_cUA-OsUOA
_dUA-OsUOA
245 _aСучасна українська література для підлітків: огляд останніх років
300 _aС.21-25
955 _a0
041 _aukr
080 _a82
773 0 _w122273
650 7 _a82 Література. Літературознавство
_2UDC
999 _c408448
_d408448